• 首页
  • 本馆介绍
  • 公告通知
  • 最新文献
  • 馆藏检索
  • 电子资源
  • 读者导购
  • 参考咨询
  • 我的图书馆
  • 登录
  • 详细信息显示
  • 放入我的书架
  • 预约/预借图书
  • 作者相关作品
  • 分类相关作品
  • 丛书相关作品
  • 出版社相关作品

书目信息

  • 表格格式
  • 工作单格式
  • 卡片格式
题名:
为自己的性格找份工作
    
 
作者: 裴宇晶 , 邹家峰 著
分册:  
出版信息: 北京   民主与建设出版社  2017.06
页数: 373页
开本: 21cm
丛书名:
单 册:
中图分类: B848 , C913.2
科图分类:
主题词: 人格心理学--ren ge xin li xue--关系--职业选择
电子资源:
ISBN: 978-7-5139-1465-9
000 01047nam0 2200277 450
001 469691
005 20201119145823.95
010    @a978-7-5139-1465-9@dCNY45.00
100    @a20181129e20192017em y0chiy50 ea
101 0  @achi
102    @aCN@b110000
105    @ay z 000yy
106    @ar
200 1  @a为自己的性格找份工作@9wei zi ji de xing ge zhao fen gong zuo@e九型人格与职业生涯规划@f裴宇晶, 邹家峰著
205    @a修订版
210    @a北京@c民主与建设出版社@d2017.06@h2019.06
215    @a373页@d21cm
330    @a本书注重引领读者对内在心灵的觉察与探索,创造性地提出了基于九型人格的“职业决策双因子模型”,提炼出了9个类型共54个“职业潜能要素”,这可以帮助读者更准确地测评职业潜能、规划职业方向。
517 1  @a九型人格与职业生涯规划@9jiu xing ren ge yu zhi ye sheng ya gui hua
606 0  @a人格心理学@9ren ge xin li xue@x关系@x职业选择
690    @aB848@v5
690    @aC913.2@v5
701  0 @a裴宇晶@9pei yu jing@4著
701  0 @a邹家峰@9zou jia feng@4著
801  0 @aCN@bBJSZM@c20201119
905    @b1268073-5@dB848@e3706=2@f3
    
    为自己的性格找份工作:九型人格与职业生涯规划/裴宇晶, 邹家峰著.-修订版.-北京:民主与建设出版社,2017.06(2019.06)
    373页;21cm
    
    
    ISBN 978-7-5139-1465-9:CNY45.00
    本书注重引领读者对内在心灵的觉察与探索,创造性地提出了基于九型人格的“职业决策双因子模型”,提炼出了9个类型共54个“职业潜能要素”,这可以帮助读者更准确地测评职业潜能、规划职业方向。
●
相关链接 在E读中查询图书 在五车中查询图书 在当当中查询图书 在豆瓣中查询图书


正题名:为自己的性格找份工作     索取号:B848/3706=2         预约/预借

序号 登录号 条形码 馆藏地/架位号 状态 备注
1 1268073   212680730   第一样本阅览室/ [索取号:B848/3706=2] 在馆    
2 1268074   212680749   第一借阅区/ [索取号:B848/3706=2] 在馆    
3 1268075   212680758   第一借阅区/ [索取号:B848/3706=2] 在馆    
唐山师范学院图书馆 欢迎您!
大连网信软件有限公司© 版权所有